| 000 | 00674cam a22002651a 4500 | ||
|---|---|---|---|
| 999 |
_c7621 _d7621 |
||
| 001 | 7621 | ||
| 003 | BD-JhCC | ||
| 005 | 20181006175709.0 | ||
| 008 | 791224s1953 nyua b 000 0 eng | ||
| 035 | _a(BD-JhCC)7621 | ||
| 035 | _a688703 | ||
| 040 |
_aAK _cAK _dABN:1 _dBD-JhCC |
||
| 041 | _aeng | ||
| 050 | 0 | 0 |
_aQK671 _b.E8 |
| 082 | 0 | 4 |
_a581.4 _bESA 1953 |
| 100 | 1 |
_aEsau, Katherine, _d1898- |
|
| 245 | 1 | 0 |
_aPlant anatomy _cKatherine Esau, |
| 260 |
_aNew York, _bWiley _c[1953] |
||
| 300 |
_a735 p. _billus. _c24 cm. |
||
| 504 | _aIncludes bibliography. | ||
| 650 | 0 | _aPlant anatomy. | |
| 650 | 0 | _aPlant cells and tissues. | |
| 942 |
_2ddc _cBK |
||